000 00345nam a2200145Ia 4500
100 _aGupta
650 _aChemistry
942 _cBK
654 _a555 questions & answers w/shop cal & sci
245 _a555 Questions & Answers W/Shop Cal & Sci
260 _bNew Heights
_aNew Delhi
300 _a122
546 _aHINDI
999 _c30889
_d30889